Olózaga, 1808-1863 (Record no. 53902)

MARC details
000 -LEADER
campo de control de longitud fija 00979nam a2200205 i 4500
001 - NÚMERO DE CONTROL
campo de control 53902
003 - IDENTIFICADOR DE NÚMERO DE CONTROL
campo de control ES-MaACL
005 - FECHA Y HORA DE LA ÚLTIMA TRANSACCIÓN
campo de control 20250704052712.0
007 - CAMPO FIJO DE DESCRIPCIÓN FÍSICA--INFORMACIÓN GENERAL
campo de control de longitud fija t|
008 - DATOS DE LONGITUD FIJA--INFORMACIÓN GENERAL
campo de control de longitud fija 960708s1863 sp |||| |bspa d
245 00 - MENCIÓN DEL TÍTULO
Título Olózaga, 1808-1863
Resto del título : estudio político y biográfico encargado por la Tertulia Progresista de Madrid a Ángel Fernández de los Ríos /
Mención de responsabilidad, etc. discursos que pronunció en el Congreso de los Diputados ... Salustiano de Olózaga, los días 11 y 12 de diciembre de 1861 ; opinión que sobre ellos emitió la prensa.
260 ## - PUBLICACIÓN, DISTRIBUCIÓN, ETC.
Lugar de publicación, distribución, etc. Madrid :
Nombre del editor, distribuidor, etc. [s.n.],
Fecha de publicación, distribución, etc. 1863 (
Fabricante Imp. de Manuel de Rojas)
300 ## - DESCRIPCIÓN FÍSICA
Extensión 619, 64, [3] p. ;
Dimensiones 29 cm.
530 ## - NOTA DISPONIBLE DE FORMULARIO FÍSICO ADICIONAL
Nota de formato físico adicional disponible Disponible en formato digital.
600 14 - PUNTO DE ACCESO ADICIONAL DE MATERIA--NOMBRE DE PERSONA
Nombre de persona Olózaga, Salustiano de,
Fechas asociadas al nombre 1805-1873
9 (RLIN) 87007
700 1# - ENTRADA AGREGADA--NOMBRE PERSONAL
Nombre de persona Fernández de los Ríos, Ángel,
Fechas asociadas al nombre 1821-1880
9 (RLIN) 149656
852 ## - LOCALIZACIÓN
Ubicación ES-MaACL
Número de control de estantería G-3570
856 ## - LOCALIZACIÓN Y ACCESO ELECTRÓNICOS
Identificador Uniforme de Recursos <a href="http://bdh-rd.bne.es/viewer.vm?id=0000244256&page=1 ">http://bdh-rd.bne.es/viewer.vm?id=0000244256&page=1 </a>
Nota pública Biblioteca Digital Hispánica
Holdings
Estatus retirado Estado de pérdida Estado de daño No para préstamo Colección Biblioteca de origen Biblioteca actual Ubicación en estantería Fecha de adquisición Fuente de adquisición Total de préstamos Signatura topográfica completa Código de barras Visto por última vez Precio de reemplazo Tipo de ítem Koha
        Colección digital Biblioteca del Ateneo de Madrid Biblioteca del Ateneo de Madrid Depósito 2 17/01/2008     G-3570 1056647 23/02/2023 23/02/2023 Libro impreso antiguo